| 000 | 00595nam a2200193 i 4500 | ||
|---|---|---|---|
| 001 | 32732 | ||
| 003 | ES-MaACL | ||
| 005 | 20250721200219.0 | ||
| 007 | t| | ||
| 008 | 030131s1920 fr ||||1| fre d | ||
| 100 | 1 |
_aBertin-Sans, H. _928471 |
|
| 245 | 1 | 0 |
_aProphylaxie des maladies transmissibles / _cH. Bertin-Sans, M.F. Carrieu. |
| 260 |
_aParis : _bMasson et Cie, _c1920 ( _eCorbeil : _fCrété) |
||
| 300 |
_a253 p. ; _c19 cm. |
||
| 650 | 0 | 7 |
_aEnfermedades infecciosas _2embne _9135986 |
| 700 | 1 |
_aCarrieu, M. F. _935746 |
|
| 852 |
_aES-MaACL _jB-11651 |
||
| 999 |
_c32732 _d32732 |
||